L'Italie fasciste (notice n° 1554299)

détails MARC
000 -LEADER
fixed length control field 02059cam a2200277zu 4500
003 - CONTROL NUMBER IDENTIFIER
control field FRCYB88921679
005 - DATE AND TIME OF LATEST TRANSACTION
control field 20251020123448.0
008 - FIXED-LENGTH DATA ELEMENTS--GENERAL INFORMATION
fixed length control field 251020s2016 fr | o|||||0|0|||fre d
020 ## - INTERNATIONAL STANDARD BOOK NUMBER
International Standard Book Number 9782200614584
035 ## - SYSTEM CONTROL NUMBER
System control number FRCYB88921679
040 ## - CATALOGING SOURCE
Original cataloging agency FR-PaCSA
Language of cataloging fr
Transcribing agency
Description conventions rda
100 1# - MAIN ENTRY--PERSONAL NAME
Personal name Foro, Philippe
245 01 - TITLE STATEMENT
Title L'Italie fasciste
Statement of responsibility, etc. ['Foro, Philippe']
264 #1 - PRODUCTION, PUBLICATION, DISTRIBUTION, MANUFACTURE, AND COPYRIGHT NOTICE
Name of producer, publisher, distributor, manufacturer Armand Colin
Date of production, publication, distribution, manufacture, or copyright notice 2016
300 ## - PHYSICAL DESCRIPTION
Extent p.
336 ## - CONTENT TYPE
Content type code txt
Source rdacontent
337 ## - MEDIA TYPE
Media type code c
Source rdamdedia
338 ## - CARRIER TYPE
Carrier type code c
Source rdacarrier
520 ## - SUMMARY, ETC.
Summary, etc. Suite aux bouleversements de la Grande Guerre, la jeune démocratie libérale italienne ne parvient pas à résoudre une série de crises qui créent les conditions de l'accession au pouvoir du mouvement fasciste, constitué au lendemain du conflit. Son chef, Benito Mussolini, parvient, à partir de 1925, à établir une dictature à vocation totalitaire. Le fascisme italien, loin d'être un simple régime autoritaire, souhaite mettre en place un modèle totalitaire au travers d'une nouvelle conception de l'État et d'un encadrement de plus en plus étroit de la société. Au-delà des objectifs intérieurs, le pouvoir fasciste a également l'ambition de faire de l'Italie une grande puissance, destinée à imprimer sa marque sur les relations internationales, un véritable programme impérial.Alliée de l'Allemagne nazie dans le second conflit mondial, l'Italie fasciste s'écroule face à une guerre qui dépasse ses capacités. La chute du régime, en juillet 1943, ouvre, pour l'Italie, sa période la plus sombre depuis l'Unité mais crée, également, les conditions de l'instauration de la démocratie.L'ouvrage souhaite présenter aux lecteurs une synthèse sur le Ventennio fascista qui prenne en compte les travaux les plus récents sur l'histoire de l'Italie au cours de cette période.
650 #0 - SUBJECT ADDED ENTRY--TOPICAL TERM
Topical term or geographic name entry element
700 0# - ADDED ENTRY--PERSONAL NAME
Personal name Foro, Philippe
856 40 - ELECTRONIC LOCATION AND ACCESS
Access method Cyberlibris
Uniform Resource Identifier <a href="https://international.scholarvox.com/netsen/book/88921679">https://international.scholarvox.com/netsen/book/88921679</a>
Electronic format type text/html
Host name

Pas d'exemplaire disponible.

PLUDOC

PLUDOC est la plateforme unique et centralisée de gestion des bibliothèques physiques et numériques de Guinée administré par le CEDUST. Elle est la plus grande base de données de ressources documentaires pour les Étudiants, Enseignants chercheurs et Chercheurs de Guinée.

Adresse

627 919 101/664 919 101

25 boulevard du commerce
Kaloum, Conakry, Guinée

Réseaux sociaux

Powered by Netsen Group @ 2025